000 00517nam a22001817a 4500
005 20240920155225.0
008 240919b |||||||| |||| 00| 0 eng d
020 _a978-93-5480-370-3
041 _aeng
082 _a615.1
100 _aSINGH, DR. SATYA PRAKASH,& MAURYA, DR. HARIKESH AND JAGLAN, DHARMENDER
_98559
245 _aPHARMACOLOGY [ D.PHARMA, 2ND YEAR]
250 _a2ND.ED. 2024
260 _aLUCKNOW
_bTHAKUR PUBLICATION PVT.LTD.
300 _a288;P
650 _aPHARMACY
_xD.PHARMA
942 _cBK
999 _c8688
_d8686